[Event "Santa Eugenia op 9th"]
[Site "Santa Eugenia"]
[Date "2014.05.02"]
[Round "2"]
[White "Sanchez Luque, Juan"]
[Black "Arribas Viera, David"]
[Result "1-0"]
[WhiteElo "2067"]
[BlackElo "1856"]
[PlyCount "65"]
[EventDate "2014.04.25"]
[EventType "swiss"]
[EventRounds "9"]
[EventCountry "ESP"]
[SourceTitle "EXT 2015"]
[Source "ChessBase"]
[SourceDate "2014.11.20"]
[SourceVersion "1"]
[SourceVersionDate "2014.11.20"]
[SourceQuality "1"]

1. e4 c5 2. Nf3 Nc6 3. d4 cxd4 4. Nxd4 e5 5. Nb5 a6 6. Nd6+ Bxd6 7. Qxd6 Qf6 8. Qd1 Qg6 9. Nc3 Nf6 10. Qd6 b5 11. Be3 b4 12. Nd5 Nxd5 13. Qxd5 0-0 14. 0-0-0 a5 15. Bb5 Re8 16. g3 a4 17. f3 h6 18. Kb1 Qf6 19. f4 exf4 20. gxf4 a3 21. e5 Qe7 22. Bc5 Qh4 23. Bc4 Qxf4 24. Rhf1 Qxe5 25. Qxf7+ Kh8 26. Qxe8+ Qxe8 27. Rf8+ Qxf8 28. Bxf8 axb2 29. Rg1 Ba6 30. Bxg7+ Kh7 31. Bf7 Ra7 32. Bxb2 Bb7 33. Bg8# 1-0

[Event "Girona Territorial-ch"]
[Site "Girona"]
[Date "2013.10.27"]
[Round "5"]
[White "Sanchez Luque, Juan"]
[Black "Mas Recorda, Pere"]
[Result "0-1"]
[WhiteElo "1895"]
[BlackElo "2032"]
[PlyCount "44"]
[EventDate "2013.09.22"]
[EventType "swiss"]
[EventRounds "9"]
[EventCountry "ESP"]
[SourceTitle "EXT 2015"]
[Source "ChessBase"]
[SourceDate "2014.11.20"]
[SourceVersion "1"]
[SourceVersionDate "2014.11.20"]
[SourceQuality "1"]

1. e4 e6 2. d4 d5 3. Nc3 Nf6 4. Bg5 Be7 5. e5 Nfd7 6. Bxe7 Qxe7 7. Qg4 0-0 8. f4 f5 9. Qh3 a6 10. 0-0-0 c5 11. g4 cxd4 12. Rxd4 fxg4 13. Qxg4 Nxe5 14. fxe5 Rxf1+ 15. Rd1 Rxd1+ 16. Kxd1 Nc6 17. Nf3 Bd7 18. Rg1 Rf8 19. h4 Rf5 20. Re1 h6 21. Ne2 Qf7 22. Ned4 Rf4 0-1

[Event "Girona Territorial-ch"]
[Site "Girona"]
[Date "2013.10.13"]
[Round "3"]
[White "Campo Echevarria, Juan Francisco"]
[Black "Sanchez Luque, Juan"]
[Result "0-1"]
[WhiteElo "2028"]
[BlackElo "1895"]
[PlyCount "105"]
[EventDate "2013.09.22"]
[EventType "swiss"]
[EventRounds "9"]
[EventCountry "ESP"]
[SourceTitle "EXT 2015"]
[Source "ChessBase"]
[SourceDate "2014.11.20"]
[SourceVersion "1"]
[SourceVersionDate "2014.11.20"]
[SourceQuality "1"]

1. Nf3 Nf6 2. c4 e6 3. Nc3 Bb4 4. a3 Bxc3 5. bxc3 0-0 6. g3 b6 7. Bg2 Bb7 8. 0-0 d6 9. d3 Nbd7 10. h3 a5 11. a4 Re8 12. Re1 d5 13. Nd4 e5 14. Nb5 Nc5 15. Bg5 c6 16. Na3 d4 17. cxd4 exd4 18. Rb1 Ra6 19. Rb2 h6 20. Bxf6 Qxf6 21. Nb1 Bc8 22. Nd2 Bf5 23. g4 Bd7 24. Ne4 Nxe4 25. Bxe4 Qh4 26. Bg2 c5 27. e3 dxe3 28. Rxe3 Rxe3 29. fxe3 h5 30. gxh5 Bxh3 31. Qf3 Qe1+ 32. Kh2 Bxg2 33. Kxg2 b5 34. Rf2 bxa4 35. Qxf7+ Kh7 36. Qf5+ Kh6 37. Qxc5 Qd1 38. Qc8 Ra7 39. Qe6+ Kxh5 40. Qh3+ Kg6 41. Qg3+ Kh7 42. Qh2+ Kg6 43. Qg3+ Kh7 44. Qh3+ Kg8 45. Qc8+ Kh7 46. Qh3+ Kg8 47. Qe6+ Kh7 48. Qe4+ Kg8 49. Qd4 Ra6 50. Qd5+ Kh7 51. Qf5+ Rg6+ 52. Kh3 a3 53. Rh2 0-1

[Event "Girona-ch"]
[Site "Girona"]
[Date "2012.03.09"]
[Round "9"]
[White "Sanchez Luque, Juan"]
[Black "Volkov, Vladimir"]
[Result "1/2-1/2"]
[WhiteElo "1923"]
[BlackElo "1773"]
[PlyCount "61"]
[EventDate "2012.01.13"]
[EventType "swiss"]
[EventRounds "9"]
[EventCountry "ESP"]
[SourceTitle "EXT 2013"]
[Source "ChessBase"]
[SourceDate "2012.11.22"]
[SourceVersion "1"]
[SourceVersionDate "2012.11.22"]
[SourceQuality "1"]

1. e4 e6 2. d4 d5 3. Nc3 Nc6 4. Nf3 Nf6 5. e5 Ne4 6. a3 f6 7. Bd3 fxe5 8. Nxe4 dxe4 9. Bxe4 exd4 10. Ng5 Qf6 11. 0-0 Bd7 12. Bxc6 bxc6 13. Re1 h6 14. Ne4 Qe5 15. Qg4 0-0-0 16. Bf4 Qf5 17. Qg3 e5 18. Bxe5 Re8 19. Bxc7 Rxe4 20. Rxe4 Qxe4 21. Ba5 Kb7 22. Qc7+ Ka6 23. Qxd7 Kxa5 24. Qxa7+ Kb5 25. a4+ Kc4 26. Qa6+ Kd5 27. Qa5+ Kd6 28. Re1 Qd5 29. Qd8+ Kc5 30. Qa5+ Kd6 31. Qd8+ 1/2-1/2

[Event "Girona-ch"]
[Site "Girona"]
[Date "2012.02.10"]
[Round "5"]
[White "Sanchez Luque, Juan"]
[Black "Mundet Riera, Jaume"]
[Result "0-1"]
[WhiteElo "1923"]
[BlackElo "2185"]
[PlyCount "103"]
[EventDate "2012.01.13"]
[EventType "swiss"]
[EventRounds "9"]
[EventCountry "ESP"]
[SourceTitle "EXT 2013"]
[Source "ChessBase"]
[SourceDate "2012.11.22"]
[SourceVersion "1"]
[SourceVersionDate "2012.11.22"]
[SourceQuality "1"]

1. e4 d6 2. d4 Nf6 3. Nc3 e5 4. Nf3 Nbd7 5. Bc4 Be7 6. dxe5 dxe5 7. Qe2 0-0 8. Bg5 c6 9. a4 Qc7 10. 0-0 b6 11. Rad1 a6 12. Kh1 b5 13. axb5 axb5 14. Bd3 Nc5 15. Ra1 Be6 16. Bxf6 Bxf6 17. Qe3 Be7 18. b3 h6 19. Ne2 Nd7 20. Ng3 Rxa1 21. Rxa1 Bc5 22. Qd2 Nf6 23. h3 Rd8 24. Rf1 Kh7 25. Qc3 Bd6 26. Re1 g6 27. Ra1 Nd7 28. b4 Nb6 29. Qd2 Qe7 30. Ra6 Bxb4 31. c3 Bc5 32. Nxe5 Nc4 33. Qf4 Nxe5 34. Qxe5 Rxd3 35. Ra8 Rd8 36. Rxd8 Qxd8 37. Qxc5 Qd7 38. Kh2 Bc4 39. Qe5 Qe6 40. Qd4 h5 41. f4 h4 42. Nh1 c5 43. Qe3 b4 44. cxb4 cxb4 45. Nf2 b3 46. Qc3 Be2 47. e5 Qd5 48. Kg1 Qb7 49. Qb2 Bb5 50. Nd3 Bd7 51. Nc1 Qe4 52. Qd2 0-1

[Event "Girona-ch"]
[Site "Girona"]
[Date "2012.01.13"]
[Round "1"]
[White "Gultresa Boada, Isaac"]
[Black "Sanchez Luque, Juan"]
[Result "0-1"]
[WhiteElo "1603"]
[BlackElo "1923"]
[PlyCount "73"]
[EventDate "2012.01.13"]
[EventType "swiss"]
[EventRounds "9"]
[EventCountry "ESP"]
[SourceTitle "EXT 2013"]
[Source "ChessBase"]
[SourceDate "2012.11.22"]
[SourceVersion "1"]
[SourceVersionDate "2012.11.22"]
[SourceQuality "1"]

1. e4 e5 2. Nf3 Nc6 3. d4 exd4 4. Bc4 Nf6 5. e5 d5 6. Bb5 Ne4 7. Nxd4 Bd7 8. Bxc6 bxc6 9. Nd2 Nxf2 10. Kxf2 Qh4+ 11. g3 Qxd4+ 12. Kg2 Bc5 13. Rf1 0-0 14. Qe2 Bg4 15. Nf3 Qe4 16. Qxe4 dxe4 17. Ng5 e3 18. h3 Be6 19. Nxe6 fxe6 20. Rf3 Rxf3 21. Kxf3 Rf8+ 22. Ke2 Rf2+ 23. Kd3 Rf3 24. c3 Rxg3 25. b4 Bb6 26. c4 e2+ 27. Kxe2 Bd4 28. Rb1 Bxe5 29. Be3 Rg2+ 30. Kd3 Rxa2 31. Rf1 Bf6 32. Rf3 Kf7 33. h4 Ke7 34. h5 c5 35. h6 g6 36. Ke4 Kd6 37. b5 0-1

[Event "Gironi-ch A"]
[Site "Sant Gregori"]
[Date "2007.11.18"]
[Round "7.4"]
[White "Parals Marce, Luis"]
[Black "Sanchez Luque, Juan"]
[Result "1-0"]
[WhiteElo "2073"]
[BlackElo "1994"]
[PlyCount "59"]
[EventDate "2007.10.07"]
[EventType "swiss"]
[EventRounds "8"]
[EventCountry "ESP"]
[SourceTitle "EXT 2024"]
[Source "ChessBase"]
[SourceDate "2023.10.10"]
[SourceVersion "1"]
[SourceVersionDate "2023.10.10"]
[SourceQuality "1"]

1. Nf3 Nf6 2. c4 e6 3. Nc3 d5 4. d4 c6 5. Bg5 Bb4 6. Qc2 Nbd7 7. cxd5 exd5 8. e3 h6 9. Bh4 g5 10. Bg3 Ne4 11. Bd3 Nxg3 12. hxg3 Bf8 13. 0-0-0 Bg7 14. e4 Qa5 15. exd5 0-0 16. Bh7+ Kh8 17. Nxg5 Nf6 18. Bf5 cxd5 19. Kb1 Kg8 20. Nh7 Nxh7 21. Bxh7+ Kh8 22. Bf5 Re8 23. g4 Qd8 24. Qd2 Bxf5+ 25. gxf5 Qf6 26. g4 Rad8 27. f4 Kg8 28. Qd3 Re4 29. Nxe4 dxe4 30. Qxe4 1-0

[Event "Joan Gelpi Memorial 19th"]
[Site "Calella"]
[Date "2004.10.02"]
[Round "3"]
[White "Sanchez Luque, Juan"]
[Black "Colls Gelaberto, Emilio"]
[Result "0-1"]
[WhiteElo "2120"]
[BlackElo "2325"]
[PlyCount "80"]
[EventDate "2004.09.19"]
[EventType "swiss"]
[EventRounds "9"]
[EventCountry "ESP"]
[SourceTitle "CBM 103 Extra"]
[Source "ChessBase"]
[SourceDate "2005.01.01"]
[SourceVersion "1"]
[SourceVersionDate "2005.01.01"]
[SourceQuality "1"]

1. e4 c5 2. Nf3 d6 3. d4 cxd4 4. Nxd4 Nf6 5. Nc3 a6 6. Bg5 e6 7. f4 Be7 8. Qf3 Qc7 9. 0-0-0 Nbd7 10. g4 b5 11. Bxf6 Bxf6 12. g5 Bxd4 13. Rxd4 0-0 14. Bh3 Bb7 15. Rhd1 Rac8 16. R1d2 Nb6 17. f5 Nc4 18. Rg2 Qc5 19. Rxc4 Qxc4 20. a3 a5 21. Rf2 b4 22. Bf1 Qd4 23. axb4 axb4 24. Nb5 Qe5 25. Qe3 exf5 26. Rxf5 Qxe4 27. Qf2 Rc5 28. Nxd6 Rxf5 29. Nxf5 Re8 30. Kd2 Qe5 31. Bd3 Bc8 32. c3 bxc3+ 33. bxc3 Rd8 34. Qe3 Qxe3+ 35. Nxe3 Ba6 36. c4 Rd4 37. Nf5 Rg4 38. h4 Kf8 39. Be2 Rf4 40. Bd3 g6 0-1

[Event "Catalunya-chT"]
[Site "Spain"]
[Date "1999.??.??"]
[Round "3"]
[White "Armengol Navarro, Salvador"]
[Black "Sanchez Luque, Juan"]
[Result "0-1"]
[WhiteElo "2260"]
[BlackElo "2155"]
[PlyCount "79"]
[EventDate "1999.??.??"]
[EventType "team"]
[EventRounds "9"]
[EventCountry "ESP"]
[SourceTitle "EXT 2000"]
[Source "ChessBase"]
[SourceDate "1999.11.16"]
[SourceVersion "1"]
[SourceVersionDate "1999.11.16"]
[SourceQuality "1"]

1. e4 c5 2. Nc3 d6 3. g3 g6 4. Bg2 Bg7 5. Nge2 Nc6 6. 0-0 e6 7. d3 Nge7 8. Be3 Rb8 9. Qd2 Nd4 10. Rae1 0-0 11. f4 b5 12. Nd1 b4 13. h3 f5 14. g4 Nxe2+ 15. Rxe2 Qc7 16. Qe1 fxe4 17. Bxe4 Nd5 18. Bxd5 exd5 19. Bf2 Bd7 20. Qd2 Bc6 21. Rfe1 Qf7 22. Re7 Qxf4 23. Qxf4 Rxf4 24. Rc7 Ba8 25. d4 cxd4 26. Ree7 Bh8 27. Bg3 Rf3 28. Kg2 Rbf8 29. Rxa7 d3 30. c3 bxc3 31. bxc3 d4 32. Rxa8 Rxg3+ 33. Kxg3 Rxa8 34. cxd4 Bxd4 35. Kf3 Rxa2 36. Rd7 Be5 37. Ke3 Ra1 38. Kd2 Bf4+ 39. Ke1 Ra2 40. Rb7 0-1

[Event "Catalunya-chT"]
[Site "Spain"]
[Date "1999.??.??"]
[Round "6"]
[White "Sanchez Luque, Juan"]
[Black "Estremera Panos, Sergio"]
[Result "0-1"]
[WhiteElo "2155"]
[BlackElo "2405"]
[PlyCount "72"]
[EventDate "1999.??.??"]
[EventType "team"]
[EventRounds "9"]
[EventCountry "ESP"]
[SourceTitle "EXT 2000"]
[Source "ChessBase"]
[SourceDate "1999.11.16"]
[SourceVersion "1"]
[SourceVersionDate "1999.11.16"]
[SourceQuality "1"]

1. e4 c5 2. Nf3 d6 3. d4 cxd4 4. Nxd4 Nf6 5. Nc3 Nc6 6. Bg5 e6 7. f4 h6 8. Bxf6 Qxf6 9. Nde2 a6 10. Qd2 Qd8 11. 0-0-0 Qc7 12. g4 Be7 13. h4 Bd7 14. Qe3 0-0-0 15. Nd4 Kb8 16. Nxc6+ Bxc6 17. Be2 Bf6 18. Bf3 Qa5 19. e5 Bxf3 20. exf6 Bxh1 21. fxg7 Rhg8 22. Rxh1 Rxg7 23. g5 hxg5 24. hxg5 Rgg8 25. a3 Rh8 26. Rd1 Qf5 27. Kb1 d5 28. Rd4 Rh3 29. Qf2 Rc8 30. Ka2 Rc6 31. Rb4 Rh1 32. Qd4 Rh3 33. Rxb7+ Kxb7 34. Qb4+ Kc8 35. Qf8+ Kd7 36. Qa8 Rhxc3 0-1

[Event "Catalunya-chT"]
[Site "Spain"]
[Date "1999.??.??"]
[Round "8"]
[White "Sanchez Luque, Juan"]
[Black "Lillo Ferrer, Josep Maria"]
[Result "1/2-1/2"]
[WhiteElo "2155"]
[BlackElo "2260"]
[PlyCount "32"]
[EventDate "1999.??.??"]
[EventType "team"]
[EventRounds "9"]
[EventCountry "ESP"]
[SourceTitle "EXT 2000"]
[Source "ChessBase"]
[SourceDate "1999.11.16"]
[SourceVersion "1"]
[SourceVersionDate "1999.11.16"]
[SourceQuality "1"]

1. e4 e5 2. Nf3 Nc6 3. d4 exd4 4. Nxd4 g6 5. Nc3 Bg7 6. Be3 d6 7. Be2 Nf6 8. 0-0 0-0 9. f4 Nxe4 10. Nxe4 Re8 11. Bf3 d5 12. Nxc6 bxc6 13. Bc5 dxe4 14. Qxd8 Rxd8 15. Bxe4 Ba6 16. Rfd1 Bxb2 1/2-1/2

[Event "Catalunya-chT"]
[Site "Spain"]
[Date "1998.??.??"]
[Round "1"]
[White "Sanchez Luque, Juan"]
[Black "Fernandez Cazorla, Antonio"]
[Result "1-0"]
[WhiteElo "2145"]
[BlackElo "2310"]
[PlyCount "75"]
[EventDate "1998.01.??"]
[EventType "team"]
[EventRounds "9"]
[EventCountry "ESP"]
[SourceTitle "EXT 2003"]
[Source "ChessBase"]
[SourceDate "2002.11.25"]
[SourceVersion "1"]
[SourceVersionDate "2002.11.25"]
[SourceQuality "1"]

1. e4 c5 2. Nf3 e6 3. d4 cxd4 4. Nxd4 Nc6 5. Nc3 Qc7 6. Be3 a6 7. Be2 Nf6 8. 0-0 Bb4 9. Nxc6 bxc6 10. Qd4 Bxc3 11. Qxc3 0-0 12. Bf3 e5 13. Rfd1 d6 14. h3 Be6 15. b4 Ne8 16. a4 f6 17. a5 g5 18. Rd2 Rc8 19. Rad1 Qf7 20. Be2 Qb7 21. Bb6 d5 22. Bc5 Rf7 23. Qf3 Nc7 24. c3 Kg7 25. Qg3 Nb5 26. h4 h6 27. Bh5 Rd7 28. hxg5 hxg5 29. c4 dxc4 30. Rxd7+ Bxd7 31. Be3 Kh6 32. Bg4 Bxg4 33. Qxg4 Nd4 34. Bxd4 exd4 35. Rxd4 Rc7 36. Rd8 Kg7 37. Qh5 Rd7 38. Qh8+ 1-0